[Event "Catalunya-chT"]
[Site "Catalunya"]
[Date "1996.??.??"]
[Round "?"]
[White "Falcon Martin, Carlos"]
[Black "Tejero Royo, Fermin"]
[Result "0-1"]
[WhiteElo "2260"]
[BlackElo "2190"]
[PlyCount "46"]
[EventDate "1996.??.??"]
[EventType "team"]
[EventRounds "9"]
[EventCountry "ESP"]
[SourceTitle "EXT 1999"]
[Source "ChessBase"]
[SourceDate "1998.11.16"]
[SourceVersion "1"]
[SourceVersionDate "1998.11.16"]
[SourceQuality "1"]

1. d4 Nf6 2. Nf3 g6 3. Bf4 Bg7 4. Nbd2 d5 5. e3 0-0 6. Bd3 c5 7. c3 Nc6 8. h3 Nd7 9. 0-0 e5 10. dxe5 Ndxe5 11. Be2 Be6 12. Nxe5 Nxe5 13. Nf3 Nc6 14. Qd3 a6 15. Rfd1 Qb6 16. Qc2 Rfd8 17. Ng5 Bf5 18. Bd3 Bxd3 19. Rxd3 d4 20. cxd4 cxd4 21. exd4 Nxd4 22. Qc4 Qf6 23. Be3 Rac8 0-1

[Event "Catalunya-chT"]
[Site "Catalunya"]
[Date "1996.??.??"]
[Round "?"]
[White "Fernandez Cazorla, Antonio"]
[Black "Falcon Martin, Carlos"]
[Result "1-0"]
[WhiteElo "2280"]
[BlackElo "2260"]
[PlyCount "61"]
[EventDate "1996.??.??"]
[EventType "team"]
[EventRounds "9"]
[EventCountry "ESP"]
[SourceTitle "EXT 1999"]
[Source "ChessBase"]
[SourceDate "1998.11.16"]
[SourceVersion "1"]
[SourceVersionDate "1998.11.16"]
[SourceQuality "1"]

1. Nf3 d5 2. b3 Nf6 3. Bb2 Bf5 4. c4 e6 5. g3 c6 6. Bg2 Nbd7 7. 0-0 Be7 8. d3 h6 9. Nbd2 0-0 10. Nd4 Bg4 11. cxd5 exd5 12. h3 Bh5 13. Nf5 Bc5 14. Nf3 Bg6 15. N3h4 Bh7 16. e4 Re8 17. e5 Bxf5 18. Nxf5 Nh7 19. Qg4 Qg5 20. Nxh6+ Qxh6 21. Qxd7 Rab8 22. Rad1 Re6 23. Qc7 Ree8 24. Bxd5 Qxh3 25. Qxf7+ Kh8 26. Bg2 Qg4 27. Qf3 Qg6 28. Qe4 Qh5 29. Bf3 Qf7 30. Kg2 Kg8 31. Qc4 1-0

[Event "Hospitalet op"]
[Site "Hospitalet"]
[Date "1994.??.??"]
[Round "7"]
[White "Falcon Martin, Carlos"]
[Black "Gutierrez Martinez, Javier"]
[Result "0-1"]
[WhiteElo "2260"]
[BlackElo "2290"]
[PlyCount "67"]
[EventDate "1994.??.??"]
[EventType "swiss"]
[EventRounds "9"]
[EventCountry "ESP"]
[SourceTitle "EXT 1997"]
[Source "ChessBase"]
[SourceDate "1996.11.15"]
[SourceVersion "1"]
[SourceVersionDate "1996.11.15"]
[SourceQuality "1"]

1. e4 e5 2. Nf3 Nc6 3. Bb5 a6 4. Ba4 d6 5. d4 Bd7 6. 0-0 b5 7. Bb3 exd4 8. Nxd4 Nxd4 9. Qxd4 c5 10. Bxf7+ Kxf7 11. Qe3 Nf6 12. f4 Qe7 13. Nd2 Re8 14. Re1 Kg8 15. b3 Nd5 16. Qg3 Nb4 17. Rb1 Nxc2 18. Rf1 Nd4 19. Qf2 Bc6 20. Bb2 Bxe4 21. Rbe1 d5 22. Nxe4 dxe4 23. f5 e3 24. Qg3 Kf7 25. b4 Qd6 26. Qh4 Qh6 27. Qg4 Bd6 28. g3 Qf6 29. Qh5+ Kf8 30. bxc5 Bxc5 31. g4 e2 32. Rf2 Qc6 33. f6 Nf3+ 34. Kg2 0-1